[Event "M.Chigorin Memorial"]
[Site "St. Petersburg RUS"]
[Date "2009.10.20"]
[Round "5.90"]
[White "Ivanov, Rostislav"]
[Black "Kovalenko, Vladimir"]
[Result "1-0"]
[WhiteElo "2287"]
[BlackElo "2153"]
[PlyCount "93"]
[EventDate "2009.??.??"]

1. e4 c5 2. Nf3 e6 3. d4 cxd4 4. Nxd4 a6 5. Nc3 Qc7 6. a3 Nc6 7. Be3 Nf6 8. Bd3
Bd6 9. h3 Be5 10. Nde2 d5 11. exd5 exd5 12. Bg5 d4 13. Nb1 h6 14. Bh4 Be6 15.
O-O g5 16. Bg3 O-O-O 17. Nd2 g4 18. h4 Nh5 19. Ne4 Kb8 20. Qd2 Ne7 21. Bxe5
Qxe5 22. N4g3 Nd5 23. Nxh5 Qxh5 24. g3 Qe5 25. Rae1 Qf6 26. Be4 Nb6 27. Nf4 Bc4
28. Bd3 Rd7 29. Re4 Ka7 30. Rfe1 Rg8 31. Re5 Bxd3 32. Qxd3 Qc6 33. b3 Rc8 34.
R1e2 Qd6 35. a4 Qa3 36. a5 Na8 37. Nd5 Qa1+ 38. Kg2 Rc5 39. Qf5 d3 40. Qxd3
Rxa5 41. Qe3+ b6 42. c4 Qb1 43. Re1 Qg6 44. b4 Ra2 45. Re7 Qc6 46. Rxd7+ Qxd7
47. Qf4 1-0

[Event "M.Chigorin Memorial"]
[Site "St. Petersburg RUS"]
[Date "2009.10.20"]
[Round "5.91"]
[White "Valov, Ilya"]
[Black "Vorobjev, Dmitry"]
[Result "1/2-1/2"]
[WhiteElo "2274"]
[BlackElo "2092"]
[PlyCount "116"]
[EventDate "2009.??.??"]

1. Nf3 Nf6 2. c4 g6 3. g3 Bg7 4. Bg2 O-O 5. O-O d6 6. d4 c5 7. Nc3 Nc6 8. dxc5
dxc5 9. Be3 Qa5 10. Qa4 Qxa4 11. Nxa4 b6 12. Rfd1 Ba6 13. Rac1 Rad8 14. b3 Nb4
15. a3 Nc6 16. Bd2 e5 17. Bc3 Nd4 18. Bxd4 exd4 19. b4 Nd7 20. b5 Bc8 21. Nb2
Rfe8 22. Kf1 Nf6 23. Nd2 Bg4 24. Re1 Bh6 25. Rcd1 Bf5 26. Nd3 Ng4 27. h3 Ne5
28. Nxe5 Rxe5 29. f4 Re3 30. Kf2 Rxa3 31. Ra1 Rxa1 32. Rxa1 Rd7 33. Bc6 Re7 34.
h4 Bg7 35. Ra3 h6 36. Kf3 Be6 37. Bd5 Bxd5+ 38. cxd5 Rd7 39. Nc4 Rxd5 40. Rxa7
d3 41. exd3 Rxd3+ 42. Kg2 Rb3 43. Nd6 Bf8 44. Ra8 h5 45. Rb8 Kg7 46. Ne8+ Kh6
47. Rxb6 c4 48. Rc6 c3 49. Kh3 Bb4 50. Nf6 Ba5 51. Nd5 Kg7 52. b6 c2 53. Rxc2
Rb5 54. Rc8 Bxb6 55. Rb8 Rxd5 56. Rxb6 Rd2 57. Ra6 f6 58. Ra7+ Kh6 1/2-1/2

[Event "M.Chigorin Memorial"]
[Site "St. Petersburg RUS"]
[Date "2009.10.20"]
[Round "5.93"]
[White "Poghosyan, Suren"]
[Black "Martynov, Pavel"]
[Result "1/2-1/2"]
[WhiteElo "2255"]
[BlackElo "2066"]
[PlyCount "113"]
[EventDate "2009.??.??"]

1. d4 d5 2. Nf3 Nf6 3. c4 c6 4. Qc2 g6 5. g3 Bf5 6. Qb3 Qb6 7. c5 Qxb3 8. axb3
Bg7 9. b4 Na6 10. Bd2 O-O 11. Na3 Ne4 12. b5 Naxc5 13. dxc5 Bxb2 14. Ra2 Bxa3
15. Rxa3 cxb5 16. e3 a6 17. Nd4 Nxc5 18. Bb4 Rac8 19. f3 Rfe8 20. Kd2 Bd7 21.
Bxc5 Rxc5 22. f4 Rec8 23. Ra1 f6 24. Bd3 e5 25. Ne2 Bg4 26. Rhc1 e4 27. Rxc5
Rxc5 28. Bb1 Bxe2 29. Kxe2 Rc1 30. Kd2 Rh1 31. Kc3 Kf7 32. Kb2 Rxh2+ 33. Bc2
Re2 34. g4 Rxe3 35. Bb3 Ke6 36. Rd1 Rd3 37. Rxd3 exd3 38. Kc3 h5 39. f5+ gxf5
40. gxh5 Kf7 41. Bxd5+ Kg7 42. Bxb7 Kh6 43. Kxd3 a5 44. Kc3 f4 45. Kd3 a4 46.
Kc3 a3 47. Bf3 b4+ 48. Kb3 f5 49. Ka2 Kg5 50. Kb3 Kh6 51. Be2 f3 52. Bxf3 f4
53. Be2 Kg5 54. Bd1 Kh6 55. Ka2 Kg5 56. Be2 Kh6 57. Bd1 1/2-1/2

[Event "M.Chigorin Memorial"]
[Site "St. Petersburg RUS"]
[Date "2009.10.20"]
[Round "5.94"]
[White "Mukashev, Assan"]
[Black "Kartsev, Soel"]
[Result "1-0"]
[WhiteElo "2085"]
[BlackElo "2241"]
[PlyCount "139"]
[EventDate "2009.??.??"]

1. e4 e5 2. Nf3 Nc6 3. Nc3 Nf6 4. Bb5 d6 5. d4 Bd7 6. d5 Ne7 7. Bxd7+ Qxd7 8.
Bg5 b5 9. Qd3 Rb8 10. Ne2 Nfg8 11. Qa3 c5 12. dxc6 Nxc6 13. Rd1 d5 14. Qb3 d4
15. Qd5 h6 16. Qxd7+ Kxd7 17. Bc1 Nf6 18. c3 Nxe4 19. cxd4 Bb4+ 20. Kf1 Rbd8
21. Be3 Kc8 22. Rc1 Kb7 23. Rxc6 Kxc6 24. Nxe5+ Kb7 25. Nxf7 Rhf8 26. Nxd8+
Rxd8 27. Nf4 g5 28. Nd3 Bd6 29. Ke2 Re8 30. h4 g4 31. Re1 g3 32. f3 Nf6 33. Kd2
h5 34. Bf4 Rd8 35. Bg5 Rf8 36. Re6 Ne8 37. Be7 Bxe7 38. Rxe7+ Kb6 39. Ne5 Nf6
40. Ng6 Re8 41. Rxe8 Nxe8 42. Nf4 Nd6 43. Nd5+ Kc6 44. Ne3 a5 45. Kd3 a4 46. b4
axb3 47. axb3 b4 48. Nf1 Nf5 49. Ke4 Nxh4 50. Nxg3 Nxg2 51. Nxh5 Ne1 52. Nf4
Nc2 53. Ne2 Kd6 54. f4 Na3 55. Kd3 Ke6 56. Ke4 Nb1 57. Kd3 Na3 58. Nc1 Kf5 59.
d5 Nb5 60. Ne2 Nd6 61. Kd4 Nb7 62. Kd3 Nd6 63. Ke3 Nb7 64. Ng3+ Kf6 65. Kd4 Na5
66. Ne4+ Kf5 67. Nc5 Kxf4 68. d6 Nc6+ 69. Kd5 Nd8 70. Ne6+ 1-0

[Event "M.Chigorin Memorial"]
[Site "St. Petersburg RUS"]
[Date "2009.10.20"]
[Round "5.95"]
[White "Yakimenko, Alexander A"]
[Black "Zheleznaykov, Peter"]
[Result "1-0"]
[WhiteElo "2240"]
[BlackElo "1990"]
[PlyCount "39"]
[EventDate "2009.??.??"]

1. d4 d5 2. c4 e6 3. Nf3 Be7 4. Nc3 Nf6 5. Bg5 O-O 6. e3 b6 7. Bxf6 Bxf6 8.
cxd5 exd5 9. Bd3 Be6 10. Qc2 g6 11. h4 Nd7 12. h5 Kg7 13. Ne2 c5 14. Nf4 Qe8
15. Kf1 Rc8 16. Qd2 Qe7 17. e4 dxe4 18. hxg6 exf3 19. Nxe6+ fxe6 20. Rxh7+ 1-0

[Event "M.Chigorin Memorial"]
[Site "St. Petersburg RUS"]
[Date "2009.10.20"]
[Round "5.96"]
[White "Androsov, Sergey"]
[Black "Gromova, Iulia"]
[Result "0-1"]
[WhiteElo "2075"]
[BlackElo "2227"]
[PlyCount "124"]
[EventDate "2009.??.??"]

1. e4 c6 2. Nf3 d5 3. Nc3 Bg4 4. h3 Bxf3 5. Qxf3 e6 6. d4 Nd7 7. Be2 g6 8. O-O
Bg7 9. e5 Ne7 10. Nd1 c5 11. c3 Qb6 12. Qd3 cxd4 13. cxd4 Nf5 14. Be3 f6 15.
exf6 Bxf6 16. Bg4 O-O 17. Nc3 Rae8 18. Rfe1 Bg7 19. Bxf5 gxf5 20. Ne2 Rf7 21.
Nf4 Nf8 22. Red1 Qd6 23. Nh5 f4 24. Nxg7 Rxg7 25. Bd2 Ng6 26. Qb5 Qd8 27. g3
Rf8 28. Rf1 Qg5 29. Qe2 Qf5 30. Qg4 Qf7 31. Rae1 Ne5 32. Qxg7+ Kxg7 33. Rxe5
fxg3 34. Rg5+ Kh8 35. Rxg3 Rg8 36. Bb4 Qf4 37. Kg2 Qe4+ 38. f3 Qe2+ 39. Rf2 Qc4
40. a3 Rxg3+ 41. Kxg3 Kg8 42. Rd2 Qc7+ 43. f4 a5 44. Bc3 Kf7 45. Rf2 b6 46. Kg4
Kg6 47. Re2 Kf6 48. Re5 h6 49. h4 Qg7+ 50. Kf3 Qg1 51. h5 Qd1+ 52. Kg3 b5 53.
Bxa5 Qxd4 54. Bc3 Qg1+ 55. Kf3 Kf7 56. f5 Qf1+ 57. Kg4 Qg2+ 58. Kf4 Qg5+ 59.
Kf3 Qxh5+ 60. Kf2 exf5 61. Rxd5 Qh4+ 62. Kg1 Qg3+ 0-1

[Event "M.Chigorin Memorial"]
[Site "St. Petersburg RUS"]
[Date "2009.10.20"]
[Round "5.97"]
[White "Karalkin, Maksim"]
[Black "Emdin, Mark"]
[Result "1-0"]
[WhiteElo "2222"]
[BlackElo "1946"]
[PlyCount "123"]
[EventDate "2009.??.??"]

1. e4 e6 2. d4 d5 3. Nd2 c5 4. exd5 Qxd5 5. Ngf3 cxd4 6. Bc4 Qd6 7. Qe2 Nf6 8.
Nb3 Nc6 9. Bg5 Be7 10. O-O-O a6 11. Nbxd4 Nxd4 12. Nxd4 Qc5 13. f4 O-O 14. Rhe1
b5 15. Bd3 h6 16. Bh4 Qxd4 17. Bh7+ Nxh7 18. Rxd4 Bxh4 19. Red1 Bf6 20. Rd6 Bb7
21. Kb1 Bd5 22. g4 Rfd8 23. Rxd8+ Rxd8 24. Rd3 Nf8 25. Qf2 Rc8 26. h4 Be4 27.
Rd2 Be7 28. Qe3 Bb4 29. Re2 Rd8 30. Kc1 Bg6 31. h5 Bh7 32. Qb6 Rd6 33. Qa7 Rc6
34. Qb7 Rc4 35. Qxa6 Rxf4 36. c3 Be7 37. Kd1 Bh4 38. Rh2 Bg3 39. Rg2 Rxg4 40.
Qxb5 Be4 41. Rxg3 Rxg3 42. a4 f5 43. a5 f4 44. Qe5 Rg1+ 45. Kd2 f3 46. Ke3 Re1+
47. Kf2 Re2+ 48. Kf1 Bd3 49. Qd4 Rd2+ 50. Ke1 f2+ 51. Kxd2 f1=Q 52. Qxd3 Qxd3+
53. Kxd3 Nd7 54. b4 Kf8 55. a6 Nb6 56. a7 g5 57. hxg6 h5 58. c4 h4 59. c5 Na8
60. Ke2 e5 61. b5 h3 62. Kf1 1-0

[Event "M.Chigorin Memorial"]
[Site "St. Petersburg RUS"]
[Date "2009.10.20"]
[Round "5.98"]
[White "Marzano, Carlo"]
[Black "Gogolev, Artem"]
[Result "1-0"]
[WhiteElo "2209"]
[BlackElo "1830"]
[PlyCount "118"]
[EventDate "2009.??.??"]

1. Nc3 c5 2. Nf3 Nc6 3. e3 d5 4. Bb5 Bd7 5. Nxd5 a6 6. Be2 e5 7. e4 Be6 8. Ne3
g6 9. Bc4 Bxc4 10. Nxc4 Bg7 11. a4 Nge7 12. a5 O-O 13. d3 Qc7 14. O-O Rad8 15.
Be3 Nd4 16. Nxd4 cxd4 17. Bd2 f5 18. f3 Nc8 19. Qb1 h5 20. Qa2 Kh7 21. exf5
gxf5 22. Rae1 Rde8 23. Re2 Rf6 24. Rfe1 Rfe6 25. Bf4 Na7 26. Qa4 Nc6 27. Bd2 h4
28. h3 Bh6 29. Bxh6 Kxh6 30. b4 Na7 31. Qa1 Nb5 32. Qc1+ Kg6 33. Rf2 f4 34. Qb2
Nc3 35. Nd2 Kh6 36. Ne4 Nd5 37. Kh1 Rg6 38. Rfe2 Reg8 39. Nf2 Rxg2 40. Ng4+
R2xg4 41. hxg4 Ne3 42. Kh2 Qc6 43. Qb3 Rg7 44. Rf2 h3 45. Rh1 Qf6 46. Kg1 Qh4
47. Rxh3 Qxh3 48. Rh2 Qxh2+ 49. Kxh2 Kg5 50. Qe6 Rh7+ 51. Kg1 Rh3 52. Qxe5+ Kh4
53. Qxf4 Rg3+ 54. Kf2 Rg2+ 55. Ke1 Rg1+ 56. Kd2 Rg2+ 57. Kc1 Rxc2+ 58. Kb1 Rf2
59. Qxd4 Rxf3 1-0

[Event "M.Chigorin Memorial"]
[Site "St. Petersburg RUS"]
[Date "2009.10.20"]
[Round "5.99"]
[White "Walseth, Tron"]
[Black "Denisov, Ivan"]
[Result "1/2-1/2"]
[WhiteElo "2020"]
[BlackElo "2208"]
[PlyCount "56"]
[EventDate "2009.??.??"]

1. c4 e5 2. g3 Nf6 3. Bg2 d5 4. cxd5 Nxd5 5. Nc3 Nb6 6. Nf3 Nc6 7. O-O Be7 8.
a3 O-O 9. b4 Be6 10. Rb1 f6 11. d3 a5 12. b5 Nd4 13. Nd2 c6 14. bxc6 Nxc6 15.
Nc4 Nxc4 16. dxc4 Bxc4 17. Rxb7 Nd4 18. e3 Bxf1 19. Kxf1 Rc8 20. Nd5 Nc6 21.
Rd7 Qxd7 22. Nxf6+ Bxf6 23. Qxd7 Nd4 24. Bd2 Rfd8 25. Qg4 Nb5 26. Bxa5 Rc1+ 27.
Ke2 Rc2+ 28. Ke1 Rc1+ 1/2-1/2

[Event "M.Chigorin Memorial"]
[Site "St. Petersburg RUS"]
[Date "2009.10.20"]
[Round "5.102"]
[White "Komarov, Andrei"]
[Black "Bronnikova, Elizaveta"]
[Result "1-0"]
[WhiteElo "2020"]
[BlackElo "2290"]
[PlyCount "151"]
[EventDate "2009.??.??"]

1. e4 c5 2. Nf3 d6 3. d4 cxd4 4. Nxd4 Nf6 5. Nc3 Nc6 6. Bc4 Qb6 7. Nb3 e6 8.
O-O a6 9. a4 Ne5 10. Be2 Bd7 11. Be3 Qc7 12. a5 Nc4 13. Bxc4 Qxc4 14. Qf3 Be7
15. Qg3 Nxe4 16. Qxg7 O-O-O 17. Qxf7 Nxc3 18. Qxe7 Ne2+ 19. Kh1 Bc6 20. f3 Rhe8
21. Qf7 Rf8 22. Qe7 Rfe8 23. Qf7 Rf8 24. Qe7 Rg8 25. Rf2 e5 26. Nd2 Qb5 27. c4
Qxb2 28. Rb1 Ng3+ 29. hxg3 Qc3 30. Bb6 Rd7 31. Qe6 Rf8 32. Qg4 h5 33. Qg5 Rdf7
34. Qe3 Qc2 35. Re1 Qg6 36. Ne4 Bxe4 37. Qxe4 Qxg3 38. Rff1 Rf4 39. Bf2 Qg8 40.
Qd5 Rxc4 41. Qxg8 Rxg8 42. Rc1 Rc6 43. Rcd1 Kd7 44. Rd2 Ke6 45. Rfd1 Rd8 46.
Rd5 Rc2 47. Bh4 Rd7 48. R1d2 Rxd2 49. Rxd2 d5 50. Rb2 d4 51. Kg1 Kd5 52. Kf1
Kc4 53. Ke2 Kc3 54. Ra2 Rg7 55. Kd1 Rg6 56. Be1+ Kd3 57. Rd2+ Kc3 58. g3 Rg5
59. Ke2 Rg6 60. Ra2+ Kb3 61. Ra1 Kb2 62. Ra4 b5 63. axb6 Rxb6 64. Rb4+ Rxb4 65.
Bxb4 Kb3 66. Bd6 Kc2 67. Bb4 Kb3 68. Ba5 Kc4 69. Kd2 Kb5 70. Bc7 a5 71. Bxe5
Kc4 72. Bd6 a4 73. Be7 d3 74. Bf6 a3 75. f4 a2 76. Ba1 1-0

[Event "M.Chigorin Memorial"]
[Site "St. Petersburg RUS"]
[Date "2009.10.20"]
[Round "5.103"]
[White "Abramichev, Artyom"]
[Black "Balakirev, Ilya"]
[Result "1/2-1/2"]
[WhiteElo "2019"]
[BlackElo "2255"]
[PlyCount "63"]
[EventDate "2009.??.??"]

1. e4 c6 2. d4 d5 3. Nc3 dxe4 4. Nxe4 Nf6 5. Ng3 e5 6. Be3 exd4 7. Qxd4 Qxd4 8.
Bxd4 Be7 9. O-O-O O-O 10. Bd3 c5 11. Bc3 Ng4 12. Nh3 Nc6 13. Nf5 Bf6 14. Bxf6
Nxf6 15. c3 Be6 16. Bb1 Rad8 17. Rhe1 Nd5 18. Ng5 g6 19. Ne3 Nxe3 20. Rxd8 Rxd8
21. Nxe6 Nxg2 22. Nxd8 Nxe1 23. Nxb7 c4 24. b3 Ne5 25. bxc4 N5d3+ 26. Bxd3
Nxd3+ 27. Kd2 Nxf2 28. c5 Kf8 29. c6 Ke7 30. c7 Kd7 31. Nd6 Kxc7 32. Nxf7
1/2-1/2

[Event "M.Chigorin Memorial"]
[Site "St. Petersburg RUS"]
[Date "2009.10.20"]
[Round "5.104"]
[White "Orlov, Anatoly"]
[Black "Pogosian, Vladimir"]
[Result "0-1"]
[WhiteElo "2009"]
[BlackElo "2223"]
[PlyCount "84"]
[EventDate "2009.??.??"]

1. e4 d6 2. g3 e5 3. Bg2 Be7 4. Nc3 h5 5. h3 Nd7 6. Nd5 Bg5 7. Nf3 Bh6 8. Ne3
Ne7 9. Nh4 g6 10. d4 Nc6 11. d5 Ne7 12. Bd2 a5 13. O-O Nc5 14. b4 axb4 15. Bxb4
b6 16. Bxc5 bxc5 17. Nf3 O-O 18. Nh2 Ra3 19. Re1 Bd7 20. Nhf1 Qa8 21. f4 exf4
22. gxf4 Bxf4 23. Nc4 Rxa2 24. Qb1 Rxa1 25. Qxa1 Qc8 26. Qa3 Bb5 27. Nfe3 g5
28. Rb1 Bxc4 29. Nxc4 Ng6 30. Ne3 Nh4 31. Nc4 Re8 32. Qd3 f5 33. Re1 Qd7 34.
Qe2 Qh7 35. Bh1 Bg3 36. Rf1 g4 37. Qe3 f4 38. Rxf4 Bxf4 39. Qxf4 Qg7 40. hxg4
Qxg4+ 41. Qxg4+ hxg4 42. Kh2 Nf3+ 0-1

[Event "M.Chigorin Memorial"]
[Site "St. Petersburg RUS"]
[Date "2009.10.20"]
[Round "5.105"]
[White "Solovyov, Viktor"]
[Black "Tolkachiov, Vladimir"]
[Result "1-0"]
[WhiteElo "2204"]
[BlackElo "2013"]
[PlyCount "83"]
[EventDate "2009.??.??"]

1. Nf3 Nf6 2. c4 g6 3. Nc3 d5 4. Qa4+ Nc6 5. cxd5 Nxd5 6. Ne5 Qd6 7. Nxc6 Nxc3
8. dxc3 bxc6 9. Bf4 Qc5 10. Bxc7 Bg7 11. Qa5 Qxa5 12. Bxa5 Rb8 13. O-O-O Be6
14. b3 O-O 15. e3 f5 16. Be2 Bd5 17. Rhg1 Be5 18. g3 Kf7 19. c4 Be6 20. Kc2 g5
21. f4 Bf6 22. Rd2 Rh8 23. Bh5+ Kg7 24. Bf3 Rbc8 25. Bc3 g4 26. Bg2 h5 27. e4
Bxc3 28. Kxc3 h4 29. Re1 Rc7 30. exf5 Bxf5 31. Re5 Kf6 32. Rc5 Rhc8 33. b4 Bd7
34. Rh5 Bf5 35. Rxh4 a5 36. bxa5 e6 37. Rd6 c5 38. a6 Ke7 39. Rd2 Rb8 40. Bb7
Rcxb7 41. axb7 Rxb7 42. Rh8 1-0

[Event "M.Chigorin Memorial"]
[Site "St. Petersburg RUS"]
[Date "2009.10.20"]
[Round "5.106"]
[White "Kuzmin, Egor"]
[Black "Letov, Petr"]
[Result "0-1"]
[WhiteElo "1995"]
[BlackElo "2157"]
[PlyCount "68"]
[EventDate "2009.??.??"]

1. d4 d5 2. Nf3 Nf6 3. e3 c6 4. Be2 Bf5 5. Nbd2 Nbd7 6. O-O e6 7. b3 Bd6 8. Bb2
O-O 9. c4 Qb8 10. h3 h6 11. Qc1 a5 12. Ba3 Re8 13. Bxd6 Qxd6 14. Qb2 Qf8 15. a3
g5 16. Ne5 Nxe5 17. dxe5 Nd7 18. Kh2 Qc5 19. b4 Qb6 20. Qc3 axb4 21. axb4 Rxa1
22. Rxa1 Qc7 23. f4 f6 24. cxd5 exd5 25. Bd3 Bxd3 26. Qxd3 Nxe5 27. fxe5 Qxe5+
28. g3 Qxa1 29. Qg6+ Kf8 30. Qxh6+ Ke7 31. Qh7+ Kd6 32. Qf5 Rxe3 33. Qxf6+ Kd7
34. Qf7+ Re7 0-1

[Event "M.Chigorin Memorial"]
[Site "St. Petersburg RUS"]
[Date "2009.10.20"]
[Round "5.107"]
[White "Markevich, Ilya"]
[Black "Jafari, Golnaz"]
[Result "1-0"]
[WhiteElo "2157"]
[BlackElo "1999"]
[PlyCount "47"]
[EventDate "2009.??.??"]

1. e4 c5 2. Nf3 e6 3. Nc3 Nc6 4. Bb5 Nge7 5. O-O Qc7 6. d4 cxd4 7. Nxd4 a6 8.
Bxc6 Nxc6 9. Nxc6 dxc6 10. Qg4 Bd6 11. Qxg7 Bxh2+ 12. Kh1 Be5 13. Qg5 f6 14.
Qh4 Qf7 15. Be3 O-O 16. Bh6 Rd8 17. f4 Bxc3 18. bxc3 Bd7 19. e5 f5 20. Bg5 Rdc8
21. Rf3 c5 22. Rg3 Bc6 23. Bf6+ Kf8 24. Qh6+ 1-0

[Event "M.Chigorin Memorial"]
[Site "St. Petersburg RUS"]
[Date "2009.10.20"]
[Round "5.108"]
[White "Zhak, Boris"]
[Black "Balaian, Alina"]
[Result "0-1"]
[WhiteElo "1983"]
[BlackElo "2148"]
[PlyCount "74"]
[EventDate "2009.??.??"]

1. c4 e5 2. Nc3 Nc6 3. Nf3 g6 4. d3 Bg7 5. g3 d6 6. Bg2 Be6 7. O-O h6 8. Rb1
Qd7 9. Bd2 f5 10. e3 g5 11. b4 Nge7 12. b5 Nd8 13. a4 O-O 14. e4 f4 15. gxf4
gxf4 16. Kh1 Bg4 17. Rg1 Nf7 18. Qf1 Ng6 19. Ne1 Ng5 20. f3 Be6 21. Qf2 Qf7 22.
Nd5 c6 23. bxc6 bxc6 24. Nc3 Bf6 25. h4 Kg7 26. Bf1 Rh8 27. Qh2 Kf8 28. Nd1
Nxh4 29. Be2 Nh3 30. Rf1 Rg8 31. Nf2 Rg3 32. Ng4 Be7 33. Nxh6 Qh5 34. Ng4 Ng5
35. Nf2 Kf7 36. d4 Rh8 37. Ng2 Rxg2 0-1

[Event "M.Chigorin Memorial"]
[Site "St. Petersburg RUS"]
[Date "2009.10.20"]
[Round "5.109"]
[White "Obrezchikov, Mikhail"]
[Black "Guzenko, Artem"]
[Result "0-1"]
[WhiteElo "1968"]
[BlackElo "2139"]
[PlyCount "90"]
[EventDate "2009.??.??"]

1. d4 Nf6 2. c4 d6 3. Nc3 e5 4. dxe5 dxe5 5. Qxd8+ Kxd8 6. Bg5 c6 7. Nf3 Nbd7
8. g3 Kc7 9. a3 Ne8 10. e4 a5 11. Be3 f6 12. Nd2 Bc5 13. Bxc5 Nxc5 14. Be2 Nd6
15. O-O Bh3 16. Rfd1 Ne6 17. b4 Nd4 18. Bd3 Bg4 19. Rdb1 Nf7 20. f4 exf4 21.
gxf4 Rad8 22. Bf1 g5 23. Ra2 gxf4 24. Kf2 Ne5 25. b5 Rhg8 26. Rab2 Bc8 27. h3
Rg3 28. bxc6 bxc6 29. Na4 Ndf3 30. Nxf3 Rxf3+ 31. Ke2 Rd4 32. Nb6 Rxe4+ 33. Kd2
Rf2+ 34. Kc3 Re3+ 35. Kd4 Nf3+ 36. Kc5 Re5+ 37. Nd5+ cxd5 38. cxd5 Rxb2 39.
Rxb2 Ng5 40. Bc4 Bxh3 41. Rb6 Ne4+ 42. Kb5 Nd6+ 43. Kc5 Ne4+ 44. Kb5 Nc3+ 45.
Kxa5 Nxd5 0-1

[Event "M.Chigorin Memorial"]
[Site "St. Petersburg RUS"]
[Date "2009.10.20"]
[Round "5.111"]
[White "Salov, Vitaly V"]
[Black "Azimova, Karina"]
[Result "0-1"]
[WhiteElo "2130"]
[BlackElo "1943"]
[PlyCount "67"]
[EventDate "2009.??.??"]

1. Nf3 d5 2. c4 e6 3. g3 c5 4. Bg2 Nc6 5. O-O Nf6 6. cxd5 exd5 7. d4 Be7 8. Nc3
O-O 9. Bf4 Bg4 10. dxc5 Bxc5 11. Bg5 d4 12. Bxf6 Qxf6 13. Ne4 Qe7 14. Nxc5 Qxc5
15. Qd2 Rfe8 16. Rac1 Qb6 17. b3 Rad8 18. Rfe1 h6 19. Qf4 Bh5 20. h3 Nb4 21.
Qd2 Re6 22. Rc4 Nc6 23. g4 Bg6 24. Rd1 d3 25. e3 Be4 26. Ne1 Bxg2 27. Kxg2 Ne5
28. Rc3 Qb5 29. a4 Qd5+ 30. f3 Rf6 31. Qf2 d2 32. Nd3 Nxd3 33. Qe2 Ne1+ 34. Kh2
0-1

[Event "M.Chigorin Memorial"]
[Site "St. Petersburg RUS"]
[Date "2009.10.20"]
[Round "5.112"]
[White "Rjanova, Valery"]
[Black "Platonova, Lubov"]
[Result "1-0"]
[WhiteElo "2129"]
[BlackElo "1903"]
[PlyCount "45"]
[EventDate "2009.??.??"]

1. e4 c5 2. Nf3 d6 3. d4 cxd4 4. Nxd4 Nf6 5. Nc3 g6 6. Be3 Bg7 7. f3 O-O 8. Qd2
Nc6 9. Bc4 Bd7 10. O-O-O Rc8 11. Bb3 Ne5 12. h4 h5 13. Bg5 Rc5 14. Kb1 b5 15.
g4 hxg4 16. h5 Nxh5 17. Rxh5 gxh5 18. Nd5 Rxd5 19. Bxd5 Qb6 20. Bxe7 Re8 21.
Qg5 Ng6 22. Bf6 Re5 23. Qxg6 1-0

[Event "M.Chigorin Memorial"]
[Site "St. Petersburg RUS"]
[Date "2009.10.20"]
[Round "5.113"]
[White "Fokin, Anatoly"]
[Black "Reshetov, Valery"]
[Result "0-1"]
[WhiteElo "1912"]
[BlackElo "2126"]
[PlyCount "116"]
[EventDate "2009.??.??"]

1. d4 Nf6 2. c4 d5 3. cxd5 Nxd5 4. e4 Nf6 5. Nc3 e5 6. Be3 exd4 7. Bxd4 Bb4 8.
Qa4+ Nc6 9. O-O-O Bd7 10. Bb5 Nxd4 11. Bxd7+ Nxd7 12. Qxb4 c5 13. Qxb7 O-O 14.
Nge2 Rb8 15. Qd5 Qb6 16. Rd2 Nf6 17. Qc4 Qa5 18. Nxd4 cxd4 19. Qxd4 Rfc8 20.
Rhd1 h6 21. Rc2 Rd8 22. Qe3 Rxd1+ 23. Kxd1 Qh5+ 24. Kc1 Qxh2 25. e5 Rd8 26. Re2
Nd5 27. Qd2 Qxg2 28. f4 Qf1+ 29. Re1 Qxf4 30. Rd1 Rc8 31. Qxf4 Nxf4 32. Rd7 a5
33. Kd2 Rc5 34. Ke3 Ne6 35. Nd5 Kf8 36. b3 Ke8 37. Rd6 Nc7 38. Nxc7+ Rxc7 39.
Ra6 Rc5 40. Kd4 Rb5 41. e6 fxe6 42. Rxe6+ Kf7 43. Ra6 h5 44. Ke4 h4 45. Kf3 Rg5
46. Rc6 Rg3+ 47. Kf2 Rd3 48. Rc7+ Kf6 49. Rc6+ Ke5 50. Ke2 Rd6 51. Rc4 g5 52.
Ke3 Rd5 53. Kf3 Kf5 54. Rc8 g4+ 55. Ke3 h3 56. Kf2 Rd2+ 57. Kg3 Rg2+ 58. Kh4 h2
0-1

[Event "M.Chigorin Memorial"]
[Site "St. Petersburg RUS"]
[Date "2009.10.20"]
[Round "5.114"]
[White "Klepikov, Nikita"]
[Black "Kuzevanova, Evgenia"]
[Result "0-1"]
[WhiteElo "1873"]
[BlackElo "2116"]
[PlyCount "72"]
[EventDate "2009.??.??"]

1. e4 c5 2. Nf3 Nc6 3. d4 cxd4 4. Nxd4 Nf6 5. Nc3 e5 6. Ndb5 d6 7. Bg5 a6 8.
Na3 b5 9. Nd5 Be7 10. Bxf6 Bxf6 11. c3 O-O 12. Nc2 Bg5 13. Nce3 Bxe3 14. Nxe3
Ne7 15. Bd3 Be6 16. O-O d5 17. exd5 Nxd5 18. Nxd5 Bxd5 19. Qh5 e4 20. Bc2 g6
21. Qh6 Qe7 22. Rfe1 Rad8 23. Re3 f5 24. h4 f4 25. Ree1 e3 26. f3 Qg7 27. Qxg7+
Kxg7 28. a4 h6 29. axb5 axb5 30. Ra6 Bf7 31. Rb6 Rd2 32. Bd1 Rfd8 33. Be2 Rxe2
34. Rxe2 Rd1+ 35. Kh2 Bc4 36. Rc2 Bd3 0-1

[Event "M.Chigorin Memorial"]
[Site "St. Petersburg RUS"]
[Date "2009.10.20"]
[Round "5.115"]
[White "Fedoseeva, Valentina"]
[Black "Volokushin, Dmitry"]
[Result "0-1"]
[WhiteElo "1762"]
[BlackElo "2102"]
[PlyCount "74"]
[EventDate "2009.??.??"]

1. e4 c5 2. Nf3 e6 3. c3 d5 4. Bb5+ Bd7 5. Bxd7+ Qxd7 6. e5 d4 7. cxd4 cxd4 8.
d3 Ne7 9. O-O Ng6 10. Re1 Be7 11. Re4 Nc6 12. Nbd2 Bc5 13. Nb3 Bb6 14. Qc2 O-O
15. h4 Rac8 16. Qe2 a5 17. h5 Nge7 18. h6 g6 19. Bg5 Ba7 20. Nh2 Nd5 21. Ng4
Kh8 22. Nf6 Nxf6 23. Bxf6+ Kg8 24. Qf3 a4 25. Nd2 b5 26. b3 a3 27. Rae1 Nb4 28.
Bg7 Rfe8 29. Rf4 Nd5 30. Ne4 Bc5 31. Nxc5 Rxc5 32. Rxd4 Rc2 33. Bh8 Qe7 34. Bg7
Rxa2 35. Rc1 Rb2 36. Bf6 Qa7 37. Bh4 Qxd4 0-1

[Event "M.Chigorin Memorial"]
[Site "St. Petersburg RUS"]
[Date "2009.10.20"]
[Round "5.123"]
[White "Gadzhiev, Yaroslav"]
[Black "Khatenever, Feliks"]
[Result "1-0"]
[WhiteElo "2326"]
[BlackElo "1929"]
[PlyCount "126"]
[EventDate "2009.??.??"]

1. d4 Nf6 2. c4 g6 3. Nc3 d5 4. Nf3 Bg7 5. Bg5 Ne4 6. e3 Nxg5 7. Nxg5 e6 8. Nf3
O-O 9. Qc2 dxc4 10. Bxc4 Nd7 11. Rd1 Nb6 12. Bb3 Qe7 13. O-O Bd7 14. Rfe1 Rfd8
15. e4 c5 16. Qe2 cxd4 17. Nxd4 a6 18. Qe3 Qc5 19. e5 Qc7 20. f4 Nc4 21. Bxc4
Qxc4 22. b3 Qb4 23. Ne4 Bc6 24. Nxc6 bxc6 25. Qc5 Qxc5+ 26. Nxc5 Rd5 27. Rc1
Rd2 28. a4 Bf8 29. Ne4 Rb2 30. Rb1 Rxb1 31. Rxb1 Rb8 32. Rc1 Rxb3 33. Rxc6 a5
34. Rc4 Kg7 35. Kf2 Rb4 36. Rxb4 Bxb4 37. Ke3 Kf8 38. Kd3 Ke7 39. Kc4 h5 40.
Kb5 h4 41. Kc6 Ba3 42. Kb5 Bb4 43. Kc4 Be1 44. Kd3 Bb4 45. Ke2 Ba3 46. Kf3 Bb4
47. Kg4 Be1 48. Kg5 Kf8 49. Nc5 Ke7 50. Nd3 Bd2 51. Kxh4 f6 52. Kg4 Be3 53. g3
Kf7 54. exf6 Kxf6 55. Ne5 Bd2 56. Kf3 Bc3 57. Ke4 Be1 58. g4 Bb4 59. g5+ Kg7
60. Nc6 Bd2 61. Ke5 Kf7 62. Nd8+ Ke7 63. Nxe6 Bc3+ 1-0

[Event "M.Chigorin Memorial"]
[Site "St. Petersburg RUS"]
[Date "2009.10.20"]
[Round "5.124"]
[White "Styazhkina, Anna"]
[Black "Pitkanen, Juhani"]
[Result "1-0"]
[WhiteElo "2059"]
[BlackElo "1775"]
[PlyCount "57"]
[EventDate "2009.??.??"]

1. e4 c5 2. Nf3 e6 3. d4 cxd4 4. Nxd4 Nf6 5. Nc3 d6 6. g4 h6 7. h3 Nc6 8. Be3
g5 9. Bg2 Ne5 10. Qe2 Bd7 11. O-O-O a6 12. f4 gxf4 13. Bxf4 Ng6 14. Bg3 Qc7 15.
Rhf1 Be7 16. h4 Nh7 17. Qf2 Rf8 18. Kb1 Bf6 19. Nf3 Ne5 20. Nxe5 Bxe5 21. Bxe5
dxe5 22. Qe3 Bb5 23. Rf2 h5 24. Qh6 f6 25. Qxh5+ Rf7 26. g5 fxg5 27. hxg5 Nxg5
28. Qh8+ Ke7 29. Rxf7+ 1-0

[Event "M.Chigorin Memorial"]
[Site "St. Petersburg RUS"]
[Date "2009.10.20"]
[Round "5.125"]
[White "Mamedov, Elmin"]
[Black "Martynenko, Alexey"]
[Result "0-1"]
[WhiteElo "1831"]
[BlackElo "2033"]
[PlyCount "84"]
[EventDate "2009.??.??"]

1. e4 e5 2. Nf3 Nc6 3. Bb5 a6 4. Ba4 Nf6 5. O-O Be7 6. Re1 b5 7. Bb3 d6 8. h3
Na5 9. c3 Nxb3 10. Qxb3 c5 11. d4 Qc7 12. d5 O-O 13. Nbd2 Ne8 14. Nf1 g6 15.
Bh6 Ng7 16. N3d2 f5 17. c4 Rb8 18. Qe3 Qd8 19. b3 f4 20. Qd3 Bg5 21. Bxg7 Kxg7
22. Nh2 h5 23. Kf1 Bf6 24. Ke2 g5 25. f3 Rh8 26. Rh1 Kf8 27. Qc3 b4 28. Qd3 Qe8
29. Rag1 Rb7 30. Kd1 Rbh7 31. Nhf1 a5 32. Kc2 a4 33. Kb2 Ra7 34. Nh2 Rhh7 35.
Ra1 Ra6 36. Rhd1 Rha7 37. Qf1 Bd7 38. Qe1 Qa8 39. Qf1 axb3 40. axb3 Ra2+ 41.
Rxa2 Rxa2+ 42. Kb1 Qa3 0-1